| 000 | 00581 a2200169 4500 | ||
|---|---|---|---|
| 020 | _a0198519613 | ||
| 020 | _a9780198519614 | ||
| 082 | 0 | 4 | _a539.72101 |
| 090 |
_c363 _d363 |
||
| 100 | 1 | _aCheng, Ta-Pei. | |
| 245 | 1 | 0 |
_aGauge theory of elementary particle physics / _cTa-Pei Cheng, Ling-Fong Li. |
| 260 |
_a[S.l.] : _bOxford University Press, USA, _c1988. |
||
| 300 |
_a548 p. ; _c24 cm. |
||
| 700 | 1 | _aLi, Ling-Fong. | |
| 942 |
_aSNS _cBK _k539.21 CHE |
||
| 999 |
_c28996 _d28996 |
||